000 00657nam a2200193Ia 4500
003 GCL
008 140319s9999 xx 000 0 ara d
020 _a2895345977
040 _aGCL /
_cGCL
082 0 4 _a005.3
_bم ا
100 1 _aميدلبروك، مارك
245 1 0 _aاوتوكاد 2005 ( فورداميز ) :
_bAUTOCAD 2005 FOR DUMMIES /
_cميدلبروك، مارك
250 _aالاولى
260 _aالقاهرة :
_bدار الفاروق للنشر والتوزيع ،
_c2005
300 _a464 ص ؛
_c24 سم
650 0 4 _aالحاسبات الالكترونية - برامج
650 0 4 _aاوتوكاد 2005
942 _2ddc
_cBK
999 _c8251
_d8251